Reacciones adversas transfusionales inmediatas : (Registro nro. 3075)

Detalles MARC
000 -LEADER
fixed length control field 01430nam a2200253 4500
005 - DATE AND TIME OF LATEST TRANSACTION
control field 20250329165417.0
007 - PHYSICAL DESCRIPTION FIXED FIELD--GENERAL INFORMATION
fixed length control field ta
008 - FIXED-LENGTH DATA ELEMENTS--GENERAL INFORMATION
fixed length control field 180709s2021 000 0 eng d
040 ## - CATALOGING SOURCE
Original cataloging agency CO-CtgCURN
Language of cataloging spa
Transcribing agency coctgcurn
082 0# - DEWEY DECIMAL CLASSIFICATION NUMBER
Classification number BAC 2021
Item number M519
100 1# - MAIN ENTRY--PERSONAL NAME
Personal name Meléndez Conde, Leonardo Antonio.
245 10 - TITLE STATEMENT
Title Reacciones adversas transfusionales inmediatas :
Remainder of title revisión de literatura /
Statement of responsibility, etc. Leonardo Antonio Meléndez Conde, Camila Arrieta Rodríguez, Rosario Osorio Daguer.
260 #1 - PUBLICATION, DISTRIBUTION, ETC.
Place of publication, distribution, etc. Cartagena de Indias : :
Name of publisher, distributor, etc. Corporación Universitaria Rafael Nuñez,,
Date of publication, distribution, etc. 2021.
300 ## - PHYSICAL DESCRIPTION
Extent 40 hojas.
504 ## - BIBLIOGRAPHY, ETC. NOTE
Bibliography, etc. note Trabajo de grado (Bacteriologia). Corporación Universitaria Rafael Nuñez. Facultad de Ciencias de la salud. Bacteriologia, 2021.
520 ## - SUMMARY, ETC.
Summary, etc. "La transfusión de productos sanguíneos se asocia ocasionalmente con reacciones adversas inmediatas, pueden generar alteraciones y hasta comprometer la vida del paciente. "
650 14 - SUBJECT ADDED ENTRY--TOPICAL TERM
Topical term or geographic name entry element Bacteriologia
Form subdivision Tesis y disertaciones academicas.
650 #0 - SUBJECT ADDED ENTRY--TOPICAL TERM
Topical term or geographic name entry element Arrieta Rodríguez, Camila.
650 #0 - SUBJECT ADDED ENTRY--TOPICAL TERM
Topical term or geographic name entry element Osorio Daguer, Rosario
Relator term directora.
856 ## - ELECTRONIC LOCATION AND ACCESS
Uniform Resource Identifier <a href="https://unicurn.sharepoint.com/:b:/s/biblioteca/EQZdOtG7ZJ1DvCxOcn9kjgoB8EsEcawDrAUVV_P2naAQuA?e=MA5LuT">https://unicurn.sharepoint.com/:b:/s/biblioteca/EQZdOtG7ZJ1DvCxOcn9kjgoB8EsEcawDrAUVV_P2naAQuA?e=MA5LuT</a>
Public note Click aqui para ver el recurso en texto completo
856 7# - ELECTRONIC LOCATION AND ACCESS
Public note Click aqui para ver el recurso en texto completo
942 ## - ADDED ENTRY ELEMENTS (KOHA)
Source of classification or shelving scheme Dewey Decimal Classification
Koha item type Trabajos de grado
Classification part BAC 2021
Item part M519
Existencias
Withdrawn status Lost status Source of classification or shelving scheme Damaged status Not for loan Home library Current library Shelving location Date acquired Source of acquisition Cost, normal purchase price Total checkouts Full call number Barcode Date last seen Copy number Price effective from Koha item type
    Dewey Decimal Classification     Miguel Henríquez Emiliani Miguel Henríquez Emiliani Trabajo de grado 03/29/2025 El autor 350000.00   BAC 2021 M519 023570 06/20/2021 1 06/20/2021 Trabajos de grado